|
|
|
|
| LEADER |
00000nam1a2200000 4500 |
| 001 |
123626 |
| 005 |
20231031130526.0 |
| 010 |
|
|
|a 9785953205306
|
| 035 |
|
|
|a (RuTPU)RU\TPU\book\133810
|
| 035 |
|
|
|a RU\TPU\book\121499
|
| 090 |
|
|
|a 123626
|
| 100 |
|
|
|a 20071022d2007 m y0rusy50 ca
|
| 101 |
0 |
|
|a rus
|
| 102 |
|
|
|a RU
|
| 200 |
1 |
|
|a Технология переработки нефти
|e учебное пособие для вузов
|e в 2 ч.
|f О. Ф. Глаголева [и др.]
|g под ред. О. Ф. Глаголевой, В. М. Капустина
|
| 210 |
|
|
|a Москва
|c Химия
|c КолосС
|d 2007
|
| 225 |
1 |
|
|a Для высшей школы
|
| 701 |
|
1 |
|a Глаголева
|b О. Ф.
|g Ольга Федоровна
|
| 701 |
|
1 |
|a Капустин
|b В. М.
|g Владимир Михайлович
|
| 701 |
|
1 |
|a Гюльмисарян
|b Т. Г.
|g Тенгиз Григорьевич
|
| 701 |
|
1 |
|a Чернышева
|b Е. А.
|g Елена Александровна
|
| 701 |
|
1 |
|a Рогачев
|b С. Г.
|g Сергей Григорьевич
|
| 702 |
|
1 |
|a Глаголева
|b О. Ф.
|g Ольга Федоровна
|4 340
|
| 702 |
|
1 |
|a Капустин
|b В. М.
|g Владимир Михайлович
|4 340
|
| 801 |
|
2 |
|a RU
|b 63413507
|c 20090609
|g PSBO
|
| 942 |
|
|
|c BK
|